Sistemas : Coceptos, Metodología y aplicaciones / Brian Wilson (Registro nro. 12782)

Detalles MARC
000 -LÍDER
fixed length control field 00513nam a2200157 4500
008 - ELEMENTOS DE LONGITUD FIJA -- INFORMACIÓN GENERAL
fixed length control field 0 1993 0a 000 0MEX
020 ## - NÚMERO INTERNACIONAL NORMALIZADO PARA LIBROS
ISBN 968-18-4528-5
050 ## - SIGNATURA TOPOGRAFICA DE LA BIBLIOTECA DEL CONGRESO (LC)
Número de Clasificación Q295 W54 1993
082 ## - NUMERO DE CLASIFICACION DECIMAL DEWEY
Número de Clasificación 003 W195s
100 ## - ASIENTO PRINCIPAL--NOMBRE PERSONAL
Nombre personal Wilson, Brian
245 ## - TÍTULO
Título Sistemas : Coceptos, Metodología y aplicaciones / Brian Wilson
260 ## - PUBLICACIÓN, DISTRIBUCIÓN, ETC. (PIE DE IMPRENTA)
Lugar de publicación, distribución, etc. México : Noriega
300 ## - DESCRIPCIÓN FÍSICA
Extensión 441 p. / 24 cm.
500 ## - NOTA GENERAL
Nota general Contiene Referencia e Indice
650 ## - ASIENTO SECUNDARIO DE MATERIA - TERMINO TEMÁTICO
Término temático o nombre geográfico como elemento de entrada 1.TEORIA DE LOS SISTEMAS \ 2.SOLUCION DE PROBLEMAS \ 3.ANALISIS DE SISTEMAS
Existencias
No. biblioteca No. biblioteca Número de clasificación Código de barras/Número de adquisición Número de copia Tipo de material
LUIS G. INCLAN LUIS G. INCLAN 003 W195s 17207 2 Libros
LUIS G. INCLAN LUIS G. INCLAN 003 W195s 22879 3 Libros
LUIS G. INCLAN LUIS G. INCLAN 003 W195s 26098 5 Libros
LUIS G. INCLAN LUIS G. INCLAN 003 W195s 26099 6 Libros
LUIS G. INCLAN LUIS G. INCLAN 003 W195s 23579 7 Libros
Calzada Tecnológico # 27, Zacatepec, Morelos.
01(734) 343-07-23 / 343-21-10 / 343-21-11
Apdo. Postal 45 C.P 62780